000 00278nam a22001097a 4500
008 160422b xxu||||| |||| 00| 0 eng d
020 _a0323009891
041 _aeng
080 _a618.2
245 _aPediatric nursing :
_cDonna L. Wong; Marilyn hockenberry Eaton;
942 _2udc
_cBK
999 _c1514
_d1514